| 000 | 01122nac a22003015a 4500 | ||
|---|---|---|---|
| 008 | 080908r20052003enka f b 001 0 eng d | ||
| 010 | _a 2002109398 | ||
| 020 | _a0761972242 | ||
| 020 | _a9780761972242 | ||
| 035 | _a(OCoLC)ocm51993933 | ||
| 040 |
_aEG-ScBUE _beng _dEG-ScBUE |
||
| 082 | 0 | 4 |
_a351 _bHAN _222 |
| 245 | 0 | 0 |
_aHandbook of public administration / _cedited by B. Guy Peters & Jon Pierre. |
| 246 | 3 | 0 | _aPublic administration. |
| 260 |
_aLondon ; _aThousand Oaks, California : _bSage Publications, _c2005. |
||
| 300 |
_axiv, 640 p. : _bill. ; _c26 cm. |
||
| 500 | _aIndex : p. 629-640. | ||
| 504 | _aIncludes bibliographical references. | ||
| 590 | _aCatalogued by: Mostafa El-Helaly | ||
| 650 | 0 |
_aPublic administration _2BUEsh |
|
| 651 | _2BUEsh | ||
| 653 |
_cAugust2015 _bBUSADM |
||
| 700 | 1 |
_aPeters, B. Guy, _91053 _eeditor. |
|
| 700 | 1 |
_aPierre, Jon, _eeditor. |
|
| 856 | 4 | 2 |
_3Publisher description _uhttp://www.loc.gov/catdir/enhancements/fy0657/2002109398-d.html |
| 856 | 4 | 2 |
_3Table of contents only _uhttp://www.loc.gov/catdir/enhancements/fy0657/2002109398-t.html |
| 942 |
_cBB _k351 PET _2ddc |
||
| 999 |
_c7835 _d7835 |
||